El animal que luego estoy si-gui-endo

Saved in:
Bibliografiske detaljer
Hovedforfatter: Derrida, Jacques 1930-2004 (Author)
Format: Bog
Sprog:spansk
Udgivet: Madrid Trotta 2008
Serier:Estructuras y Procesos Serie Filosofía
Fag:
Tags: Tilføj Tag
Ingen Tags, Vær først til at tagge denne postø!

MARC

LEADER 00000nam a2200000 a 4500
001 UCI9779
003 CL-VaPUC
008 081212e20080000SP |||||||||||||||||spa|d
020 |a 9788481649628 
082 0 4 |a 194  |b DER  |2 21 
100 |a Derrida, Jacques   |d 1930-2004  |e author  |9 449254 
245 1 3 |a El animal que luego estoy si-gui-endo 
300 |a 189 p 
942 |c BK 
945 |d 20081212 00:00:00  |a rbrito 
260 |a Madrid  |b Trotta  |c 2008 
650 0 |a Filosofía francesa   |9 255698 
583 |a last modification  |c 20081212 00:00:00  |k Rodrigo Vera 
490 0 |a Estructuras y Procesos Serie Filosofía 
999 |c 332246  |d 332244 
952 |0 0  |1 0  |4 0  |6 194_000000000000000_DER_2008  |7 0  |8 A  |9 419765  |a BIBDER  |b BIBDER  |d 2019-11-22  |i 450416K  |o 194 DER 2008  |p 450416K  |r 2023-01-25  |w 2019-11-22  |y BK  |k DER